[Event "Vaxjo op"]
[Site "Vaxjo"]
[Date "2015.02.14"]
[Round "5"]
[White "Bech Johansson, Amadeus"]
[Black "Sniegon, Adam"]
[Result "0-1"]
[WhiteElo "1025"]
[BlackElo "1527"]
[PlyCount "72"]
[EventDate "2015.02.13"]
[EventType "swiss"]
[EventRounds "8"]
[EventCountry "SWE"]
[SourceTitle "CBM 164 Extra"]
[Source "ChessBase"]
[SourceDate "2015.03.02"]
[SourceVersion "1"]
[SourceVersionDate "2015.03.02"]
[SourceQuality "1"]

1. d4 d5 2. c4 c6 3. Nc3 Nf6 4. Bg5 e6 5. e3 Nbd7 6. Nf3 Be7 7. cxd5 exd5 8. Bd3 h6 9. Bh4 Ne4 10. Bxe7 Qxe7 11. Qc2 Ndf6 12. Nd2 Nxd2 13. Qxd2 Be6 14. 0-0-0 0-0 15. Rde1 Ne4 16. Nxe4 dxe4 17. Bxe4 Bxa2 18. Bb1 Bxb1 19. Kxb1 a5 20. Kc2 Rfc8 21. Ra1 c5 22. dxc5 Qe4+ 23. Kc1 Rxc5+ 24. Kd1 Rd5 25. Qxd5 Qxd5+ 26. Ke2 Rc8 27. Rhd1 Qxg2 28. Rxa5 Qg4+ 29. f3 Rc2+ 30. Rd2 Qg2+ 31. Kd3 Qxd2+ 32. Ke4 Qxa5 33. Kf4 f6 34. b4 Qe5+ 35. Kg4 Rg2+ 36. Kh3 Qxh2# 0-1